Guía de consulta: introducción a la gestión e infraestructura de un centro cultural comunal

Gardado en:
Detalles Bibliográficos
Autor Corporativo: Consejo Nacional de la Cultura y las Artes (Author)
Formato: Libro
Idioma:Lingua castelá
Publicado: Valparaíso Consejo Nacional de la Cultura y las Artes 2009
Subjects:
Tags: Engadir etiqueta
Sen Etiquetas, Sexa o primeiro en etiquetar este rexistro!

MARC

LEADER 00000nam a2200000 a 4500
001 UCG3460
003 CL-VaPUC
008 100826e20090400CL |||||||||||||||||spa|d
020 |a 9789568327514 
082 0 4 |a 306  |b CON  |2 21 
110 2 |a Consejo Nacional de la Cultura y las Artes  |e author  |9 552621 
245 1 0 |a Guía de consulta: introducción a la gestión e infraestructura de un centro cultural comunal 
300 |a 64 p 
942 |c BK 
945 |d 20100826 00:00:00  |a mfarfan 
260 |a Valparaíso  |b Consejo Nacional de la Cultura y las Artes  |c 2009 
500 |a Incluye CD 
650 0 |a Desarrollo cultural  |9 267526 
650 0 |a Gestión cultural  |9 521696 
650 0 |a Centros culturales  |9 373824 
650 0 |a Política gubernamental  |9 262286 
583 |a last modification  |c 20100826 00:00:00  |k Rodrigo Vera 
999 |c 342527  |d 342525 
952 |0 0  |1 0  |4 0  |6 306_000000000000000_CON_2009  |7 0  |8 C  |9 438756  |a BIBCUR  |b BIBCUR  |d 2019-11-22  |i 4699394  |o 306 CON 2009  |p 4699394  |r 2025-04-22  |w 2019-11-22  |y BK  |k CAC 
952 |0 0  |1 0  |4 0  |6 306_000000000000000_CON_2009  |7 0  |8 C  |9 438757  |a BIBCUR  |b BIBCUR  |d 2019-11-22  |i 4699424  |o 306 CON 2009  |p 4699424  |r 2025-04-22  |w 2019-11-22  |y BK  |k CAC